Chirurgův pohled na M. Menetrier

Bibliographic Details
Main Authors: Pafko, Pavel, 1940- (Author), Lischke, Robert, 1966- (Author), Kabát, J. (Author)
Format: Article
Language:Slovak
Czech
ISSN:1210-7824
Subjects:

MARC

LEADER 00000nab a2200000 a 4500
001 vtls000618677
003 SK-MaSNL
005 20260304100043.0
008 250425c1996 xo 0 slo
015 |a SNBRB19rr/mm-uuuuu 
035 |a CL0618816 
035 |a urn:nbn:sk:snk-abajm4 
035 |a (urnnbn)urn:nbn:sk:snk:ar-007v3u 
035 |a (uuid)845abb3e-0f01-4b41-8d97-14be10373f02 
040 |a SNKBUCL  |b slo  |c SNKBUCL  |e AACR2 
041 0 |a cze 
044 |a xo  |c SK 
080 |a 616.33-089  |2 1981 
100 1 |a Pafko, Pavel,  |d 1940-  |4 aut  |9 84664 
245 1 0 |a Chirurgův pohled na M. Menetrier  |c P. Pafko, R. Lischke, J. Kabát 
650 0 7 |a choroba Menetrierova  |2 snkbucl  |9 1390531 
655 7 |a články z novín a časopisov  |2 snkbucl  |9 267496 
700 1 |a Lischke, Robert,  |d 1966-  |4 aut  |9 237878 
700 1 |a Kabát, J.  |4 aut  |9 926534 
773 0 |t Česká a slovenská gastroenterologie  |g Roč. 50, č. 5 (1996), s. 149  |x 1210-7824 
850 |a Slovenská národná knižnica 
852 |a Slovenská národná knižnica 
954 |a odborná, vedecká literatúra cudzojazyčná (svetová)  |2 lita 
958 |a article14 
958 |a OND 
958 |a NX 
958 |a MI 
958 |a RK 
958 |a EUIPO 
999 |c 2835643  |d 2837573